000 01008nam0a22003251 4500
001 RU\NLR\A1SV\9352
005 20251203171251.9
035 _a(NLR Aleph) 009694850
090 _a9753657
_c9753657
100 _a19981215d1925 u y0rusy50 ca
101 0 _arus
102 _aRU
200 1 _aПриборы для измерения давлений
_fИнж. С.Бернштейн
210 _aЛ.
_cИзд-во Сев.-зап. промбюро В.С.Н.Х.
_d1925
215 _a16 с.
_cил., черт.
_d23 см
225 _aНа рабочем ходу
_eБ-ка металлиста
300 _aБез тит. л.
620 _dСанкт-Петербург
700 1 _aБернштейн
_bС.С.
_f1879-
_gСаул Соломонович
801 0 _aRU
_bNLR
_c19981215
852 _aNLR
_j120/311
852 _aNLR
_j34/1001
899 _aРГБ
899 _aАстОНБ
899 _aНБЛ КГУ
899 _aРКП
942 _cBOOK
980 _aNB
980 _aA1SV